000 01014 a2200265 4500
003 Nust
005 20170207154028.0
010 _a 2003535288
020 _a0470843934 (alk. paper)
020 _a0470843942 (PBK.)
035 _a(OCoLC)ocm50712120
040 _cNust
082 0 4 _a576.50285
100 1 _aBarnes, Michael R.
245 1 0 _aBioinformatics for geneticists-(E-BOOK)
_cedited by Michael R. Barnes and Ian C. Gray.
260 _aChichester, West Sussex, England ;
_aHoboken, N.J. :
_bWiley,
_cc2003.
300 _axiv, 408 p., 8 p. of plates :
_bill. (some col.) ;
_c24 cm.
650 0 _aBioinformatics.
650 0 _aGenetics
_xData processing.
651 _aE-BOOK
700 1 _aGray, Ian C.
856 4 2 _3Contributor biographical information
_uhttp://www.loc.gov/catdir/enhancements/fy0708/2003535288-b.html
856 4 2 _3Publisher description
_uhttp://www.loc.gov/catdir/description/wiley036/2003535288.html
856 4 2 _3Table of contents
_uhttp://www.loc.gov/catdir/toc/wiley032/2003535288.html
942 _2ddc
_cBK
999 _c191990
_d191990